000 01042nam a22002537a 4500
003 BD-DhSAU
005 20190101102958.0
008 151027b2014 bg ||||| |||| 001 0 eng d
040 _aBD-DhSAU
082 _222
_a581.15
_bB6238
100 _aBiswas, Anju
_eRegistration # 08-03071
245 _aIn vitro selection of calli for salt tolerance in tomato (Solanum lycopersicum L.) /
_bMS thesis
260 _aSher-e-Bangla Agricultural Uniersity :
_bDepartment of Genetics & Plant Breeding ,
_c2014
300 _aix, 66 p. :
_bill. ;
_c30 cm.
500 _aMS thesis of Department of Genetics & Plant Breeding, Faculty of Agriculture, Sher-e-Bangla Agricultural University, Dhaka, Bangladesh
590 _aMd. Sirajul Islam
650 _a Genetics & Plant Breeding
650 _aSalt
650 _aTomato
700 _aZeba, Naheed
_eSupervisor
700 _aBhuiyan, Md. Shahidur Rashid
_eCo-Supervisor
856 _uhttp://archive.saulibrary.edu.bd:8080/xmlui/handle/123456789/1055
_yOnline Access
942 _2ddc
_cTHESIS
999 _c13184
_d13183